000 02143nam0a2200385 4500
001 RU\NLR\bibl\264772
005 20260608064821.0
010 _a5-86894-515-8
_93000
021 _aRU
_b2001-63610
_93097
035 _a(NLR Aleph) 000260370
090 _a1520837
_c1520837
100 _a20020426d2001 |||y0rusy50 ca
101 0 _arus
102 _aRU
105 _ay |||||||||
200 1 _aБюджетный кодекс Российской Федерации
_e[Принят Гос. Думой 17 июля 1998 г.
_eОдобр. Советом Федерации 17 июля 1998 г.]
_e(Собр. законодательства Рос. Федерации, 1998 г., № 31, ст. 3823)
_eВ ред. Федер. законов от 31 дек. 1999 г. № 227-ФЗ (СЗ РФ, 2000 г., № 1, ч. 1, ст. 10), от 5 авг. 2000 г. № 116-ФЗ (СЗ РФ, 2000 г., № 32, ст. 3339), от 27 дек. 2000 г. № 150-ФЗ (СЗ РФ, 2001 г., № 1, ч. 1, ст. 2), от 5 авг. 2001 г. № 126-ФЗ (СЗ РФ, 2001 г., № 33, ч. 1, ст. 3429),
205 _a[4-е изд.]
210 _aМ.
_cОсь-89
_d2001
215 _a191 с.
_d20
604 _171001$aРоссийская Федерация
_150011$aБюджетный кодекс$2nlr_sh2$3RU\NLR\AUTH\661262431
_3RU\NLR\AUTH\661262431
_aРоссийская Федерация
_tБюджетный кодекс
_92086299
606 _aБюджетный кодекс
_yРоссийская Федерация
_92086296
_3RU\NLR\auth\661262428
610 0 _aБюджетный кодекс Российской Федерации
610 0 _aРоссийская Федерация, финансы
675 _a336.1/.5(470)(094.4)
_v3
_zrus
686 _a06.75
_2rugasnti
686 _a65.26
_2rubbk
686 _aХ622.1-324.9(2Р)
740 1 _aРоссийская Федерация
_iБюджетный кодекс
_tЗаконы
_9425377
_3RU\NLR\AUTH\880379494
801 0 _aRU
_bRKP
_c20020426
_gPSBO
801 1 _aRU
_bRKP
_c20020426
801 2 _aRU
_bNLR
_c20090520
_grcr
942 _cBOOK
980 _aNB